Riconosci il Pokémon - Quiz n°273 - Statistics

Statistiche generali
  • Questo quiz è stato fatto 4 volte
  • Il punteggio medio è 6 su 10
Statistiche sulle risposte
Indizio Risposta % Corretto
Tipo Lotta / Buio (Stile Singolcolpo; Gigamax); Lotta / Acqua (Stile Pluricolpo; Gigamax)
100%
Generazione Ottava
100%
Abilità Pugni Invisibili
100%
Stadio evoluzione Prima evoluzione
67%
Peso 105,0 kg; ???,? (Gigamax)
33%
Altezza 1,9 m; > 29,0 m (Gigamax Singolcolpo); > 26,0 m (Gigamax Pluricolpo)
33%
Tasso di cattura 3 (1.6%)
33%
Sesso 87.5% ♂, 12.5% ♀
33%
Tasso di allevamento Lento
33%
Pokémon Urshifu
33%
Nessun quiz corrispondente trovato
Distribuzione punteggi
Percentuale di utenti per punteggio
Percentile per numero di risposta
I tuoi punteggi nel tempo
Non hai fatto questo quiz